000
00314nam a22001337a 4500
003
SGT
082
_a
615.01
_b
I16T
100
_a
TIWARI,RUCHI
245
_a
INTELLECTUAL PROPERTY RIGHTS AND DRUG REGULATORY AFFAIRS
260
_a
DELHI
_b
NIRALI PUB
_c
2016
300
_a
350
650
_a
AYURVEDA
942
_2
ddc
_c
BK
_0
3
999
_c
15355
_d
15355